000 00533nam a22002177a 4500
003 UA-OsUOA
001 37842
007 ta
008 20070521b un ||||| |||| 00| 0 ukr d
090 _a22
_bО-78
942 _cBK
040 _aUA-OsUOA
_bukr
_cUA-OsUOA
_dUA-OsUOA
245 _aОстрожская библия Ивана Федорова
300 _a76 с.
955 _a1
041 _aukr
080 _a22
260 _aМосква
_c2006
650 7 _a22 Біблія. Святе писання
_2UDC
999 _c436373
_d436373